00960nam a22002297a 45000010005000000030006000050050017000110080041000280200018000690400029000870500010001160820010001261000025001362450036001612600035001973000047002325050007002795200352002865210027006385210018006656500047006837271FISKH20250707093617.0250707b cb ||||| |||| 00| 0 eng d a9781848104136 aFISKHbengcFISKHdFISKH aPZ5 P a398.8 aGallaher, Belinda  aIncy Wincy spider and friends / aEssex : bMiles Kelly, c2011. a40 pages : bcolor illustrations ; c28 cm aE  aThis charming collection brings together classic nursery rhymes and simple fairy tales, including the beloved “Incy Wincy Spider,” Old Mother Hubbard, Simple Simon, and more. Designed for preschoolers and early learners, the book combines bright, engaging illustrations with well-known verses to promote early literacy and interactive reading.8 a200 bLexile estimate 8 aE bRaz-Plus  aFairy tale vNursery Rhymes xPicture book